তোমাদের রবীন্দ্রনাথ / (Record no. 39387)
[ view plain ]
| 000 -LEADER | |
|---|---|
| fixed length control field | 01037nam a2200229 a 4500 |
| 001 - CONTROL NUMBER | |
| control field | 39387 |
| 003 - CONTROL NUMBER IDENTIFIER | |
| rucl marc code | BD-RjUL |
| 005 - DATE AND TIME OF LATEST TRANSACTION | |
| control field | 20211209053000.0 |
| 008 - FIXED-LENGTH DATA ELEMENTS--GENERAL INFORMATION | |
| fixed length control field | 160410s20132002ii a|||e |||| 00| 0 ben d |
| 020 ## - INTERNATIONAL STANDARD BOOK NUMBER | |
| International Standard Book Number | 817756269X |
| Terms of availability | : Tk 330.00 |
| 035 ## - SYSTEM CONTROL NUMBER | |
| System control number | (BD-RjUL)39500 |
| 040 ## - CATALOGING SOURCE | |
| Original cataloging agency | BD-RjUL |
| Language of cataloging | ben |
| Transcribing agency | BD-RjUL |
| 041 ## - LANGUAGE CODE | |
| Language code of text/sound track or separate title | ben |
| 082 ## - DEWEY DECIMAL CLASSIFICATION NUMBER | |
| Edition number | 23 |
| Author mark and year | BHT 2013 |
| Classification number | 891.441409 |
| 100 ## - MAIN ENTRY--PERSONAL NAME | |
| Personal name | ভট্টাচার্য, সুভাষ |
| 9 (RLIN) | 121418 |
| 245 ## - TITLE STATEMENT | |
| Title | তোমাদের রবীন্দ্রনাথ / |
| Statement of responsibility, etc. | সুভাষ ভট্টাচার্য |
| 260 ## - PUBLICATION, DISTRIBUTION, ETC. (IMPRINT) | |
| Place of publication, distribution, etc. | কলকাতা : |
| Name of publisher, distributor, etc. | আনন্দ পাবলিশার্স প্রাইভেট লিমিটেড, |
| Date of publication, distribution, etc. | ২০০২ [২য় মুদ্রণ ২০১৩] |
| 300 ## - PHYSICAL DESCRIPTION | |
| Pagination | ১২৫ পৃ. : |
| Illustrations | চিত্র ; |
| Size | ২১ সেমি. |
| 600 ## - SUBJECT ADDED ENTRY--PERSONAL NAME | |
| Personal name | ঠাকুর, রবীন্দ্রনাথ |
| General subdivision | সমালোচনা ও ব্যাখ্যা |
| Personal name | Tagore, Rabindranath |
| General subdivision | Criticism and interpretation. |
| 942 ## - ADDED ENTRY ELEMENTS (KOHA) | |
| Source of classification or shelving scheme | Dewey Decimal Classification |
| Koha item type | Books |
| Lost status | Source of classification or shelving scheme | Damaged status | Not for loan | Collection code | Permanent Location | Current Location | Shelving location | Date acquired | Source of acquisition | Cost, normal purchase price | Total Checkouts | Full call number | Date last seen | Copy number | Koha item type | Date checked out |
|---|---|---|---|---|---|---|---|---|---|---|---|---|---|---|---|---|
| Dewey Decimal Classification | Not For Loan | Non-fiction | Central Library, University of Rajshahi | Central Library, University of Rajshahi | Reading Room | 06/07/2015 | Batighar, Chittagong | 330.00 | B 891.441409 BHT 2013 | 10/04/2016 | C-1 | Books | ||||
| Dewey Decimal Classification | Non-fiction | Central Library, University of Rajshahi | Central Library, University of Rajshahi | 06/07/2015 | Batighar, Chittagong | 330.00 | 1 | B 891.441409 BHT 2013 | 07/01/2019 | C-2 | Books | 18/12/2018 |